000 00830nam a22002417a 4500
999 _c15675
_d15675
003 MIRAKIL
005 20240320142052.0
008 240320b tu ||||| |||| 00| 0 tur d
020 _a9789751746320
040 _aTR-AnCHP
_cTR-AnCHP
041 _atur
082 _a419.9924
_bG95k 2020
100 _aGüner, Galip
245 1 0 _aKıpçak Türkçesi grameri /
_cGalip Güner
250 _aBirinci baskı: Ankara, 2020 Kasım
260 _aAnkara :
_bTürk Dil Kurumu Yayınları,
_c2020.
300 _a404 sayfa ;
_c24 cm.
490 0 _aAtatürk Kültür, Dil ve Tarih Yüksek Kurumu Türk Dil Kurumu yayınları ;
_v1358.
504 _aKaynakça: 393-404. sayfa
650 0 _97793
_aKıpçak Türkçesi
856 _zDijital Nüshası için Partimizin Kütüphane Sorumlusu ile iletişime geçiniz.
942 _2ddc
_cBKS